• Villarroel, Gaspar de,

di Personal Name

Records bibliografici associati: 1

001 - CONTROL NUMBER

  • control field: 22816

003 - CONTROL NUMBER IDENTIFIER

  • control field: IT-RoINE

005 - DATE AND TIME OF LATEST TRANSACTION

  • control field: 20160309091831.0

008 - FIXED-LENGTH DATA ELEMENTS

  • fixed length control field: 160309|| aca||aabn | a|a d

040 ## - CATALOGING SOURCE

  • Original cataloging agency: IT-RoINE
  • Transcribing agency: IT-RoINE

100 ## - HEADING--PERSONAL NAME

  • Personal name: Villarroel, Gaspar de,
  • Dates associated with a name: 1587-1665

670 ## - SOURCE DATA FOUND

  • Source citation: Work cat.: (IT-RoINE)0: González Zumárraga, Antonio, 1925-2008 22815, Problemas del Patronato Indiano a través del "Govierno Eclesiástico Pacífico" de Fr. Gaspar de Villarroel /, 1961.